[Event "XII Weekend A"]
[Site "Gorgonzola ITA"]
[Date "2007.11.11"]
[Round "2"]
[White "Radice, Luca"]
[Black "Scalcione, Michelangelo"]
[Result "0-1"]
[WhiteElo "2064"]
[BlackElo "2357"]
[PlyCount "138"]
[EventDate "2007.11.10"]

1. d4 d6 2. e4 Nf6 3. Nc3 e5 4. Nge2 exd4 5. Nxd4 Be7 6. Be2 O-O 7. Be3 Re8 8.
Qd2 Bf8 9. f3 d5 10. Bg5 dxe4 11. Bxf6 Qxf6 12. Nxe4 Qb6 13. Nb3 Nc6 14. O-O-O
Bf5 15. Bd3 Nb4 16. a3 Nxd3+ 17. Qxd3 c5 18. g4 c4 19. Qxc4 Qe3+ 20. Nbd2 Be6
21. Qd3 Qf4 22. Kb1 Rac8 23. h4 Red8 24. Qe2 Qe5 25. Nc3 Qa5 26. Qb5 Qc7 27.
Nde4 Bc4 28. Qg5 Be7 29. Rxd8+ Rxd8 30. Qe3 a5 31. Rd1 Rxd1+ 32. Nxd1 Bxh4 33.
Ndc3 Be7 34. Qd4 Qc6 35. Qa7 Ba6 36. Qd4 Bf8 37. a4 f6 38. f4 Bc4 39. f5 Bf7
40. Qd8 b6 41. Qd4 Qc4 42. Qg1 h6 43. Qd1 Kh7 44. Qh1 Kg8 45. Qd1 Be7 46. Qg1
Qc7 47. Qf2 Qd8 48. Qg1 Kh7 49. Qe3 Kg8 50. Qg1 h5 51. gxh5 Bxh5 52. Qg2 Qd4
53. b3 Bb4 54. Nd5 Qd1+ 55. Kb2 Ba3+ 56. Kc3 Kf7 57. Qd2 Qf3+ 58. Kd4 Qxf5 59.
Nd6+ Bxd6 60. Kc4 Qe4+ 61. Kb5 Qe5 62. Kc6 Bf3 63. c4 Qe6 64. Kb7 Qd7+ 65. Ka6
Qc8+ 66. Kb5 Qe8+ 67. Ka6 Qc6 68. Qd3 Bg4 69. Qe4 Bc8+ 0-1

[Event "XII Weekend A"]
[Site "Gorgonzola ITA"]
[Date "2007.11.11"]
[Round "2"]
[White "Salvador, Roland"]
[Black "Pedini, Dario"]
[Result "1-0"]
[WhiteElo "2456"]
[BlackElo "2053"]
[PlyCount "75"]
[EventDate "2007.11.10"]

1. d4 d5 2. Nf3 e6 3. c4 c6 4. Nc3 Nf6 5. g3 Bd6 6. Bg2 Nbd7 7. O-O O-O 8. Re1
dxc4 9. Nd2 Nb6 10. Nde4 Nxe4 11. Nxe4 e5 12. Nxd6 Qxd6 13. dxe5 Qxe5 14. e4
Re8 15. a4 c3 16. Bf4 Qa5 17. bxc3 Be6 18. e5 Bd5 19. Qg4 Be6 20. Qh5 Bd5 21.
e6 Rxe6 22. Rxe6 fxe6 23. Be4 h6 24. c4 Nxc4 25. Qg6 Bxe4 26. Qxe6+ Kh8 27.
Qxe4 Qd5 28. Qe7 b5 29. axb5 cxb5 30. Ra6 Qh5 31. Re6 a5 32. h4 a4 33. Bxh6
Qd1+ 34. Kg2 Qd5+ 35. f3 Qd4 36. Qf7 a3 37. Re7 Rg8 38. Qh5 1-0

[Event "XII Weekend A"]
[Site "Gorgonzola ITA"]
[Date "2007.11.11"]
[Round "2"]
[White "Vancini, Edoardo"]
[Black "Bemporad, Filippo"]
[Result "1-0"]
[WhiteElo "2290"]
[BlackElo "2082"]
[PlyCount "77"]
[EventDate "2007.11.10"]

1. c4 c6 2. Nf3 d5 3. g3 Nf6 4. Bg2 g6 5. b3 Bg7 6. Bb2 O-O 7. O-O b6 8. d4 Bb7
9. Nc3 Nbd7 10. Qc2 c5 11. cxd5 Nxd5 12. Nxd5 Bxd5 13. dxc5 Bxb2 14. Qxb2 bxc5
15. Rfd1 e6 16. e4 Bc6 17. Rd6 Qc7 18. Rad1 Rae8 19. h4 Re7 20. Qd2 Nf6 21. Qf4
Nxe4 22. Rxc6 Qxc6 23. Ne5 Qc7 24. Qxe4 Rd8 25. Rxd8+ Qxd8 26. Qf4 Qd4 27. Qg5
Rc7 28. h5 c4 29. hxg6 hxg6 30. Nxc4 Rc5 31. Qe3 Qa1+ 32. Bf1 Rd5 33. Qxa7 Rd1
34. Ne3 Rd2 35. a4 Qa2 36. Qb8+ Kg7 37. Ng4 Rb2 38. Qf4 Qxb3 39. Qh6+ 1-0

[Event "XII Weekend A"]
[Site "Gorgonzola ITA"]
[Date "2007.11.11"]
[Round "3"]
[White "Barberi, Alessandro"]
[Black "Pedini, Dario"]
[Result "0-1"]
[WhiteElo "2157"]
[BlackElo "2053"]
[PlyCount "48"]
[EventDate "2007.11.10"]

1. d4 d5 2. Nf3 e6 3. e3 f5 4. Ne5 Nf6 5. b3 Nbd7 6. Bb2 Bd6 7. Nd2 O-O 8. f3
c5 9. Bd3 Qc7 10. f4 cxd4 11. exd4 Ne4 12. Bxe4 fxe4 13. O-O b5 14. Rc1 Qb6 15.
Kh1 Be7 16. a3 a5 17. Qh5 b4 18. a4 Nxe5 19. fxe5 Ba6 20. Rxf8+ Rxf8 21. Kg1 g6
22. Qg4 Rf5 23. Nf1 Bg5 24. Re1 Bxf1 0-1

[Event "XII Weekend A"]
[Site "Gorgonzola ITA"]
[Date "2007.11.11"]
[Round "3"]
[White "Bemporad, Filippo"]
[Black "Barlocco, Carlo"]
[Result "0-1"]
[WhiteElo "2082"]
[BlackElo "2134"]
[PlyCount "84"]
[EventDate "2007.11.10"]

1. d4 Nf6 2. Nf3 c6 3. c4 d5 4. g3 e6 5. Bg2 Nbd7 6. Qc2 Be7 7. O-O O-O 8. Nbd2
b6 9. e4 Bb7 10. b3 Rc8 11. Bb2 dxe4 12. Ng5 Qc7 13. Ngxe4 c5 14. dxc5 Nxc5 15.
Nxf6+ Bxf6 16. Bxf6 gxf6 17. Ne4 Bxe4 18. Bxe4 f5 19. Bg2 Rfd8 20. Rfd1 Qe5 21.
Re1 Qf6 22. b4 Nd3 23. Red1 Nxb4 24. Qa4 a5 25. Qb5 Nc2 26. Rab1 Na3 27. Qxb6
Nxb1 28. Rxb1 Rd2 29. Qxa5 Qd4 30. Rf1 Rxc4 31. Qa8+ Kg7 32. Qf3 Rxa2 33. Qh5
Qg4 34. Bf3 Qxh5 35. Bxh5 Rcc2 36. Bf3 e5 37. Bd5 Rab2 38. Kg2 e4 39. Kg1 Kf6
40. h3 Rd2 41. Bc6 Ke5 42. Ba8 f4 0-1

[Event "XII Weekend A"]
[Site "Gorgonzola ITA"]
[Date "2007.11.11"]
[Round "3"]
[White "Berni, Fabrizio"]
[Black "Locatelli, Andrea"]
[Result "0-1"]
[WhiteElo "2156"]
[BlackElo "2130"]
[PlyCount "38"]
[EventDate "2007.11.10"]

1. e4 c5 2. Nf3 d6 3. Bb5+ Bd7 4. Bxd7+ Nxd7 5. O-O Ngf6 6. Qe2 e6 7. Nc3 a6 8.
a4 Be7 9. d3 O-O 10. Ng5 Ne5 11. f4 Nc6 12. Qf2 e5 13. h3 exf4 14. Bxf4 Nh5 15.
Qh4 g6 16. Nd5 h6 17. Nxe7+ Qxe7 18. g4 Nxf4 19. Rxf4 Qxg5 0-1

[Event "XII Weekend A"]
[Site "Gorgonzola ITA"]
[Date "2007.11.11"]
[Round "3"]
[White "Bonazzi, Edoardo"]
[Black "Gamboa, Miguel"]
[Result "1/2-1/2"]
[WhiteElo "2166"]
[BlackElo "2024"]
[PlyCount "47"]
[EventDate "2007.11.10"]

1. Nf3 Nf6 2. c4 g6 3. Nc3 Bg7 4. g3 O-O 5. Bg2 d6 6. O-O e5 7. d3 Nc6 8. Rb1
a5 9. a3 h6 10. b4 axb4 11. axb4 Be6 12. b5 Ne7 13. Bb2 Qd7 14. Qc2 Bh3 15. Ra1
Rab8 16. Ra7 Nh5 17. Rfa1 Bxg2 18. Kxg2 g5 19. e4 f5 20. exf5 Rxf5 21. Ra8 Rbf8
22. Rxf8+ Rxf8 23. Ng1 Nf5 24. Nd5 1/2-1/2

[Event "XII Weekend A"]
[Site "Gorgonzola ITA"]
[Date "2007.11.11"]
[Round "3"]
[White "Cazzaniga, Walter"]
[Black "Vancini, Edoardo"]
[Result "0-1"]
[WhiteElo "2167"]
[BlackElo "2290"]
[PlyCount "66"]
[EventDate "2007.11.10"]

1. d4 Nf6 2. c4 Nc6 3. Nf3 e6 4. Nc3 Bb4 5. Bd2 O-O 6. Qc2 d6 7. O-O-O d5 8. e3
Be7 9. h3 Nb4 10. Qb3 c5 11. dxc5 Na6 12. Kb1 Bd7 13. Bc1 Nxc5 14. Qc2 Qc7 15.
cxd5 exd5 16. Bd3 Nxd3 17. Qxd3 Rad8 18. Nd4 Rfe8 19. g4 Bc6 20. f3 Bf8 21.
Nce2 Nd7 22. Qc2 Qb6 23. Rhe1 Ne5 24. Ka1 Rc8 25. Nc3 Bb4 26. Qb3 Qa5 27. Nxc6
bxc6 28. f4 Nd7 29. Rd4 Rb8 30. Bd2 Bc5 31. Ra4 Qc7 32. Qc2 Nb6 33. Ra6 Qb7 0-1

[Event "XII Weekend A"]
[Site "Gorgonzola ITA"]
[Date "2007.11.11"]
[Round "3"]
[White "Piantoni, Roberto"]
[Black "Crippa, Gabriele"]
[Result "1/2-1/2"]
[WhiteElo "2141"]
[BlackElo "2087"]
[PlyCount "47"]
[EventDate "2007.11.10"]

1. Nf3 d6 2. d4 Nf6 3. Bf4 g6 4. h3 c6 5. c4 Na6 6. Nc3 Bg7 7. e3 Qb6 8. Qd2
Bf5 9. Be2 Ne4 10. Nxe4 Bxe4 11. O-O h6 12. a3 O-O 13. Bg3 c5 14. Rfd1 Rad8 15.
Ne1 cxd4 16. exd4 Nc7 17. Qe3 Bf5 18. b4 e5 19. c5 dxc5 20. dxc5 Qe6 21. Rxd8
Rxd8 22. Rd1 Rxd1 23. Bxd1 Nd5 24. Qb3 1/2-1/2

[Event "XII Weekend A"]
[Site "Gorgonzola ITA"]
[Date "2007.11.11"]
[Round "3"]
[White "Radice, Luca"]
[Black "Facchetti, Gianni"]
[Result "1-0"]
[WhiteElo "2064"]
[BlackElo "2160"]
[PlyCount "49"]
[EventDate "2007.11.10"]

1. d4 Nf6 2. Nf3 d6 3. Nc3 c6 4. a4 a5 5. e4 Bg4 6. h3 Bxf3 7. Qxf3 Nbd7 8. Be3
e5 9. dxe5 dxe5 10. Bc4 Bb4 11. O-O O-O 12. Ne2 Ne8 13. Rfd1 Qe7 14. Ng3 Nd6
15. Rxd6 Qxd6 16. Rd1 Qc7 17. Nh5 Nf6 18. Nxg7 Rad8 19. Rf1 Ne8 20. Nf5 Kh8 21.
c3 Be7 22. Bh6 Nd6 23. Bg7+ Kg8 24. Bxe5 Bg5 25. Nh6+ 1-0

[Event "XII Weekend A"]
[Site "Gorgonzola ITA"]
[Date "2007.11.11"]
[Round "3"]
[White "Sbarra, Marco"]
[Black "Brunello, Marina"]
[Result "1-0"]
[WhiteElo "2220"]
[BlackElo "2012"]
[PlyCount "57"]
[EventDate "2007.11.10"]

1. d4 d5 2. c4 e6 3. Nc3 Nf6 4. Bg5 Nbd7 5. e3 Be7 6. Nf3 O-O 7. Qc2 c6 8. cxd5
exd5 9. Bd3 Re8 10. O-O g6 11. h3 Nh5 12. Bxe7 Qxe7 13. Rfe1 Ng7 14. e4 dxe4
15. Rxe4 Qd8 16. Rxe8+ Qxe8 17. d5 Ne5 18. Nd4 Qd8 19. Be4 f5 20. Qb3 c5 21.
d6+ Kh8 22. Nf3 Nxf3+ 23. Bxf3 Qxd6 24. Rd1 Qe7 25. Nd5 Qf8 26. Nc7 Rb8 27. Qe3
b6 28. Qe5 h6 29. Ne8 1-0

[Event "XII Weekend A"]
[Site "Gorgonzola ITA"]
[Date "2007.11.11"]
[Round "3"]
[White "Scalcione, Michelangelo"]
[Black "Salvador, Roland"]
[Result "1-0"]
[WhiteElo "2357"]
[BlackElo "2456"]
[PlyCount "109"]
[EventDate "2007.11.10"]

1. Nf3 Nf6 2. c4 e6 3. Nc3 b6 4. e4 Bb7 5. Bd3 c5 6. e5 Ng4 7. h3 Bxf3 8. Qxf3
Nxe5 9. Qxa8 Nxd3+ 10. Ke2 Nf4+ 11. Kf1 Nc6 12. Qxd8+ Kxd8 13. g3 Nd3 14. b3
Be7 15. Rb1 f5 16. Ke2 Nde5 17. f4 Nd4+ 18. Kf2 Nd3+ 19. Ke3 Nb4 20. a3 Nbc6
21. Ne2 Re8 22. Nxd4 Nxd4 23. b4 e5 24. fxe5 Bg5+ 25. Kd3 Rxe5 26. bxc5 bxc5
27. h4 Bf6 28. Rf1 Re4 29. Bb2 Rg4 30. Bxd4 Rxd4+ 31. Ke2 Re4+ 32. Kd3 Rg4 33.
Rxf5 Rxg3+ 34. Kc2 d6 35. h5 h6 36. Rb3 Rg4 37. d3 Rg2+ 38. Kd1 Kd7 39. Rb7+
Ke6 40. Rd5 Be5 41. Rxa7 Rh2 42. Ra6 Ke7 43. Ra7+ Ke6 44. Ra6 Rxh5 45. Raxd6+
Kf7 46. Rc6 Rh1+ 47. Ke2 Bd4 48. Rf5+ Ke7 49. a4 Rh2+ 50. Kf3 Rh3+ 51. Ke4 Re3+
52. Kd5 Rxd3 53. Re6+ Kd8 54. Rf8+ Kc7 55. Rf7+ 1-0

[Event "XII Weekend A"]
[Site "Gorgonzola ITA"]
[Date "2007.11.17"]
[Round "4"]
[White "Barlocco, Carlo"]
[Black "Barberi, Alessandro"]
[Result "0-1"]
[WhiteElo "2134"]
[BlackElo "2157"]
[PlyCount "58"]
[EventDate "2007.11.10"]

1. e4 g6 2. d4 Bg7 3. Nc3 d6 4. Bg5 a6 5. Nf3 Nd7 6. Bc4 h6 7. Bh4 c5 8. dxc5
Nxc5 9. O-O Be6 10. Qe2 Rc8 11. Rfd1 Bxc4 12. Qxc4 b5 13. Qe2 Qa5 14. e5 dxe5
15. Nxe5 Qb4 16. Bg3 Qxb2 17. Nd5 Ne6 18. Nxg6 Qxc2 19. Rd2 Qxg6 20. Rad1 Nf6
21. Nxe7 Kxe7 22. Bd6+ Ke8 23. a4 Ne4 24. axb5 Nxd2 25. b6 Nc4 26. Bg3 Nxb6 27.
Qxa6 Qc2 28. Re1 Bd4 29. Qb5+ Rc6 0-1

[Event "XII Weekend A"]
[Site "Gorgonzola ITA"]
[Date "2007.11.17"]
[Round "4"]
[White "Berni, Fabrizio"]
[Black "Piantoni, Roberto"]
[Result "1/2-1/2"]
[WhiteElo "2156"]
[BlackElo "2141"]
[PlyCount "84"]
[EventDate "2007.11.10"]

1. e4 c6 2. d4 d5 3. Nc3 dxe4 4. Nxe4 Nf6 5. Nxf6+ gxf6 6. Be2 Bf5 7. Bf3 e6 8.
Ne2 Bd6 9. O-O Qc7 10. Kh1 Nd7 11. c4 O-O-O 12. Qa4 Bd3 13. h3 Nb6 14. Qxa7
Bxc4 15. Bd2 Kd7 16. Qa5 Ra8 17. Qh5 Ke7 18. b3 Bxe2 19. Bxe2 Nd5 20. Bf3 Bb4
21. Bh6 Rhg8 22. Bxd5 Ra5 23. Be3 Rxd5 24. Qxh7 Rg6 25. Qh4 Qa5 26. a3 Bd6 27.
b4 Qd8 28. Rab1 Bb8 29. a4 Qd6 30. g3 Ba7 31. b5 Bxd4 32. Qe4 Bxe3 33. Qxe3
cxb5 34. axb5 f5 35. b6 Rd3 36. Qe2 Qd5+ 37. Kg1 f4 38. Rfd1 Rxd1+ 39. Rxd1 Qc5
40. Kh2 fxg3+ 41. fxg3 Rg5 42. h4 Rf5 1/2-1/2

[Event "XII Weekend A"]
[Site "Gorgonzola ITA"]
[Date "2007.11.17"]
[Round "4"]
[White "Crippa, Gabriele"]
[Black "Bemporad, Filippo"]
[Result "1/2-1/2"]
[WhiteElo "2087"]
[BlackElo "2082"]
[PlyCount "84"]
[EventDate "2007.11.10"]

1. d4 d5 2. Bf4 Nf6 3. e3 e6 4. Nd2 Be7 5. Bd3 O-O 6. g4 c5 7. c3 Nc6 8. g5 Nd7
9. Ndf3 cxd4 10. exd4 Re8 11. Ne2 Nf8 12. Bc2 e5 13. dxe5 Bg4 14. Qd3 Ng6 15.
O-O-O Bxf3 16. Qxf3 Nxf4 17. Nxf4 Nxe5 18. Qg3 Bxg5 19. Kb1 Bxf4 20. Qxf4 Ng6
21. Qf3 Re5 22. h4 Qf6 23. Qxf6 gxf6 24. Rdg1 Kh8 25. h5 Nf8 26. f4 Re3 27. Bb3
Rd8 28. Rh4 Ne6 29. Rhg4 f5 30. R4g2 Nxf4 31. Rg7 Re7 32. Bc2 Nxh5 33. R7g5 Nf4
34. Rxf5 Ng6 35. Rgf1 Kg7 36. Rh5 Red7 37. Bb3 f6 38. Rfh1 Nf8 39. Rg1+ Ng6 40.
Rgh1 Nf8 41. Rg1+ Ng6 42. Rgh1 Nf8 1/2-1/2

[Event "XII Weekend A"]
[Site "Gorgonzola ITA"]
[Date "2007.11.17"]
[Round "4"]
[White "Facchetti, Gianni"]
[Black "Brunello, Marina"]
[Result "1/2-1/2"]
[WhiteElo "2160"]
[BlackElo "2012"]
[PlyCount "120"]
[EventDate "2007.11.10"]

1. e4 e5 2. Nf3 Nc6 3. Bc4 Bc5 4. b4 Bxb4 5. c3 Be7 6. d4 Nf6 7. Nxe5 d5 8.
exd5 Nxd5 9. Nxf7 Kxf7 10. Qf3+ Bf6 11. Bxd5+ Be6 12. Bxe6+ Kxe6 13. O-O Kf7
14. Nd2 Rf8 15. Ba3 Re8 16. Rab1 Rb8 17. Nc4 Kg8 18. Rfe1 Qd7 19. h3 b6 20.
Rbd1 Rbd8 21. Bc1 Rf8 22. Qg4 b5 23. Qxd7 Rxd7 24. Ne3 b4 25. d5 Ne7 26. cxb4
Bc3 27. Re2 Bxb4 28. Rc2 Ba5 29. Ba3 Rfd8 30. Nc4 Bb6 31. Nxb6 axb6 32. Bxe7
Rxe7 33. Rcd2 Red7 34. f4 Rd6 35. Kf2 c6 36. Ke2 cxd5 37. Kd3 Kf7 38. Rc2 Kf6
39. Ke3 Ra8 40. Rd3 Ke6 41. a3 h6 42. Kf3 Kd7 43. h4 Ke6 44. h5 b5 45. Rb2 Rda6
46. Rxb5 Rxa3 47. Rbxd5 Rxd3+ 48. Rxd3 Ra4 49. Kg3 Kf6 50. Rf3 Rb4 51. Ra3 Rc4
52. Kf3 Rb4 53. Ke3 Ke6 54. Ra6+ Ke7 55. Rg6 Kf7 56. Rd6 Ra4 57. Rd4 Ra6 58.
Rd7+ Kf6 59. Ke4 Ra4+ 60. Rd4 Ra6 1/2-1/2

[Event "XII Weekend A"]
[Site "Gorgonzola ITA"]
[Date "2007.11.17"]
[Round "4"]
[White "Gamboa, Miguel"]
[Black "Cazzaniga, Walter"]
[Result "1/2-1/2"]
[WhiteElo "2024"]
[BlackElo "2167"]
[PlyCount "83"]
[EventDate "2007.11.10"]

1. d4 d5 2. c4 e6 3. Nc3 c6 4. Nf3 dxc4 5. e4 b5 6. a4 Bb4 7. Bg5 f6 8. Be3 Ne7
9. Be2 Bb7 10. Qc2 Nd7 11. O-O Bxc3 12. Qxc3 O-O 13. b3 a5 14. bxc4 b4 15. Qc2
Qc7 16. c5 Rfe8 17. Bc4 Nf8 18. Qb3 Kh8 19. Rfd1 Ba6 20. Bxa6 Rxa6 21. g3 f5
22. Bf4 Qc8 23. Re1 h6 24. Bd6 fxe4 25. Rxe4 Nd5 26. Rae1 Ra7 27. Ne5 Kg8 28.
Nc4 Nh7 29. Nb6 Qa6 30. Nxd5 cxd5 31. Rxe6 Rxe6 32. Rxe6 Qc4 33. Re8+ Kf7 34.
Qe3 Nf6 35. Rf8+ Kg6 36. Be7 Rxe7 37. Qxe7 b3 38. Qb7 Qc1+ 39. Kg2 Qc2 40.
Rxf6+ gxf6 41. c6 b2 42. c7 1/2-1/2

[Event "XII Weekend A"]
[Site "Gorgonzola ITA"]
[Date "2007.11.17"]
[Round "4"]
[White "Locatelli, Andrea"]
[Black "Bonazzi, Edoardo"]
[Result "1/2-1/2"]
[WhiteElo "2130"]
[BlackElo "2166"]
[PlyCount "95"]
[EventDate "2007.11.10"]

1. e4 c6 2. Nc3 d5 3. Nf3 Bg4 4. h3 Bh5 5. exd5 cxd5 6. Bb5+ Nc6 7. g4 Bg6 8.
Ne5 Rc8 9. d4 e6 10. Qe2 Bb4 11. h4 Nge7 12. h5 Be4 13. f3 O-O 14. Bxc6 Nxc6
15. Nxc6 Rxc6 16. Kf1 Bxc3 17. bxc3 Rxc3 18. fxe4 dxe4 19. Qxe4 f5 20. Qe5
fxg4+ 21. Kg2 Rxc2+ 22. Kg3 Qc8 23. h6 Rg2+ 24. Kh4 Rf7 25. Rf1 Qc7 26. Rxf7
Qxe5 27. Rxg7+ Qxg7 28. hxg7 Kxg7 29. Bf4 Kg6 30. Be5 Kf5 31. a4 Rf2 32. a5 Rf3
33. Bg3 h5 34. Re1 Ra3 35. Re5+ Kf6 36. Rxh5 b6 37. axb6 axb6 38. Rh6+ Kf5 39.
Rh8 Re3 40. Rd8 b5 41. Rf8+ Ke4 42. Be5 g3 43. Kh3 b4 44. Rb8 b3 45. Rb6 Kd5
46. Rb4 Ke4 47. Kg2 Rc3 48. Bxg3 1/2-1/2

[Event "XII Weekend A"]
[Site "Gorgonzola ITA"]
[Date "2007.11.17"]
[Round "4"]
[White "Pedini, Dario"]
[Black "Radice, Luca"]
[Result "0-1"]
[WhiteElo "2053"]
[BlackElo "2064"]
[PlyCount "61"]
[EventDate "2007.11.10"]

1. e4 e6 2. d4 d5 3. e5 c5 4. c3 Nc6 5. Nf3 Bd7 6. a3 f6 7. Bd3 fxe5 8. dxe5
Qc7 9. O-O O-O-O 10. Re1 h6 11. h4 g5 12. hxg5 hxg5 13. Bxg5 Be7 14. Qc1 Rf8
15. Bxe7 Ngxe7 16. Qe3 c4 17. Bc2 Kb8 18. Nbd2 Rh5 19. g3 Nf5 20. Bxf5 Rhxf5
21. Kg2 Be8 22. Rf1 Nxe5 23. Nxe5 Rxe5 24. Qd4 Re2 25. Rae1 e5 26. Qh4 Rxd2 27.
Qh6 Qf7 28. Qd6+ Kc8 29. Qc5+ Bc6 30. Kg1 Rh8 31. f3 0-1

[Event "XII Weekend A"]
[Site "Gorgonzola ITA"]
[Date "2007.11.17"]
[Round "4"]
[White "Salvador, Roland"]
[Black "Sbarra, Marco"]
[Result "1/2-1/2"]
[WhiteElo "2456"]
[BlackElo "2220"]
[PlyCount "87"]
[EventDate "2007.11.10"]

1. d4 d5 2. Nf3 e6 3. c4 c5 4. cxd5 exd5 5. g3 Nc6 6. Bg2 Nf6 7. O-O Be7 8. Nc3
O-O 9. Bg5 Be6 10. dxc5 Bxc5 11. Rc1 d4 12. Bxf6 gxf6 13. Na4 Be7 14. Nc5 Qb6
15. Nxe6 fxe6 16. Qd2 Rad8 17. a3 Rd6 18. b4 a5 19. b5 Qxb5 20. Rb1 Qa6 21. Qb2
Rfd8 22. Nd2 Ne5 23. f4 Ng4 24. Ne4 R6d7 25. f5 Ne3 26. Qa2 Nxf1 27. fxe6 Rc7
28. Nxf6+ Bxf6 29. e7+ Kg7 30. exd8=Q Bxd8 31. Qd5 Bf6 32. Kxf1 b6 33. Be4 Qc8
34. Qh5 Kh8 35. Rxb6 Qf8 36. Kg2 d3 37. exd3 Bd4 38. Re6 Rc2+ 39. Kh3 Qf1+ 40.
Kg4 Qe2+ 41. Kh4 Qxh2+ 42. Kg4 Qe2+ 43. Kh4 Qh2+ 44. Kg4 1/2-1/2

[Event "XII Weekend A"]
[Site "Gorgonzola ITA"]
[Date "2007.11.17"]
[Round "4"]
[White "Vancini, Edoardo"]
[Black "Scalcione, Michelangelo"]
[Result "0-1"]
[WhiteElo "2290"]
[BlackElo "2357"]
[PlyCount "88"]
[EventDate "2007.11.10"]

1. c4 c5 2. g3 Nc6 3. Bg2 g6 4. Nc3 Bg7 5. a3 Nh6 6. e4 f5 7. d3 fxe4 8. dxe4
Nf7 9. h4 Bxc3+ 10. bxc3 Qa5 11. Ne2 b6 12. f4 Ba6 13. Qd3 Nd6 14. e5 Bxc4 15.
Qf3 Nf5 16. Bd2 Qb5 17. Ng1 Qb2 18. Rd1 Qxa3 19. Nh3 O-O 20. h5 Qb3 21. Ng5
Nxe5 22. fxe5 Nd4 23. cxd4 Rxf3 24. Bxf3 Rf8 25. Rc1 Rxf3 26. Rxc4 Rxg3 27. Rc1
Rxg5 28. Bxg5 Qg3+ 29. Ke2 Qxg5 30. Rcg1 Qf5 31. hxg6 hxg6 32. dxc5 Qxe5+ 33.
Kd3 Qf5+ 34. Kd2 bxc5 35. Rb1 Qf2+ 36. Kd3 d5 37. Rb8+ Kf7 38. Rhh8 c4+ 39. Kc3
Qe3+ 40. Kb4 Ke6 41. Rhg8 Qd3 42. Rgc8 Ke5 43. Rb5 Qb3+ 44. Kc5 Qa3+ 0-1

[Event "XII Weekend A"]
[Site "Gorgonzola ITA"]
[Date "2007.11.18"]
[Round "5"]
[White "Barberi, Alessandro"]
[Black "Facchetti, Gianni"]
[Result "1-0"]
[WhiteElo "2157"]
[BlackElo "2160"]
[PlyCount "113"]
[EventDate "2007.11.10"]

1. d4 Nf6 2. Nf3 d6 3. c4 Nbd7 4. Nc3 e5 5. e4 c6 6. Be2 Be7 7. h3 Qc7 8. Be3
a6 9. a4 a5 10. O-O O-O 11. Nh2 Re8 12. f4 exd4 13. Bxd4 Nf8 14. e5 N6d7 15.
Bh5 Ng6 16. Ng4 Ndf8 17. Ne4 dxe5 18. fxe5 Bxg4 19. Qxg4 Ne6 20. Bc3 Rf8 21.
Bxg6 hxg6 22. Rxf7 Rxf7 23. Qxe6 Qc8 24. Qxg6 Qf5 25. Qxf5 Rxf5 26. c5 Rf4 27.
Re1 Rd8 28. Bxa5 Rd5 29. Bc3 Rf8 30. Nd6 Rxc5 31. Nxb7 Rc4 32. Na5 Rxa4 33.
Nxc6 Bc5+ 34. Kh2 Rc8 35. Na5 Bd4 36. Bxd4 Rxd4 37. b3 Rd2 38. Nc4 Rdd8 39. Re3
Kf8 40. g4 Ke7 41. Kg3 Ke6 42. Kf4 Rh8 43. Kg5 Rh6 44. h4 Rc5 45. h5 Ke7 46.
Kf4 Re6 47. g5 Ra6 48. Nd6 Kf8 49. g6 Rc1 50. Kf5 Ke7 51. Ke4 Ke6 52. Nf5 Ra7
53. Nd4+ Ke7 54. b4 Rd7 55. e6 Rb7 56. Ke5 Rh1 57. Nf5+ 1-0

[Event "XII Weekend A"]
[Site "Gorgonzola ITA"]
[Date "2007.11.18"]
[Round "5"]
[White "Barlocco, Carlo"]
[Black "Crippa, Gabriele"]
[Result "0-1"]
[WhiteElo "2134"]
[BlackElo "2087"]
[PlyCount "88"]
[EventDate "2007.11.10"]

1. c4 d6 2. Nf3 Nf6 3. g3 Bg4 4. Bg2 g6 5. Qb3 Nbd7 6. d4 Rb8 7. Nc3 Bg7 8. h3
Bxf3 9. exf3 O-O 10. f4 e6 11. Be3 c6 12. O-O d5 13. cxd5 cxd5 14. Rfc1 Nb6 15.
a4 h5 16. f5 gxf5 17. Bf4 Rc8 18. Nb5 Ne4 19. Nxa7 Rxc1+ 20. Rxc1 Bxd4 21. Bxe4
fxe4 22. Bc7 Qg5 23. Rd1 Na8 24. Bf4 Qf6 25. Qxb7 e5 26. Nc6 Bxf2+ 27. Kxf2
exf4 28. Kg2 f3+ 29. Kf2 Re8 30. Re1 d4 31. Qd7 e3+ 32. Kf1 Re4 33. Qd5 f2 34.
Re2 d3 35. Ne7+ Qxe7 36. Qxd3 h4 37. g4 Nc7 38. Rc2 Rxa4 39. Rc1 Rb4 40. b3 Rb8
41. Ke2 Re8 42. Qf5 Ne6 43. Rc4 Qd6 44. Qb1 Nf4+ 0-1

[Event "XII Weekend A"]
[Site "Gorgonzola ITA"]
[Date "2007.11.18"]
[Round "5"]
[White "Bemporad, Filippo"]
[Black "Berni, Fabrizio"]
[Result "0-1"]
[WhiteElo "2082"]
[BlackElo "2156"]
[PlyCount "86"]
[EventDate "2007.11.10"]

1. d4 Nf6 2. Nf3 g6 3. c4 Bg7 4. Nc3 O-O 5. e4 d6 6. Be2 e5 7. O-O exd4 8. Nxd4
Re8 9. f3 Nc6 10. Be3 Nh5 11. Qd2 Nf4 12. Nxc6 Nxe2+ 13. Nxe2 bxc6 14. Bd4 c5
15. Bxg7 Kxg7 16. Ng3 Qf6 17. Rad1 a5 18. Rf2 Bb7 19. Qc2 Qf4 20. Qc3+ Qe5 21.
Qd2 Qf6 22. Nf1 a4 23. Ne3 h5 24. g4 Qe5 25. gxh5 Qxh5 26. Ng4 f6 27. Qc3 Qg5
28. Rg2 Qf4 29. Rdd2 Kf7 30. Rg3 Rh8 31. Rdg2 Bc6 32. Nf2 Rh6 33. Ng4 Rh5 34.
Ne3 Rh6 35. Rg4 Qe5 36. Qc1 Rah8 37. Nf1 Bd7 38. R4g3 Bh3 39. Rf2 Bxf1 40. Qxf1
Rxh2 41. Rxh2 Qxg3+ 42. Rg2 Qh4 43. Qd3 Qe1+ 0-1

[Event "XII Weekend A"]
[Site "Gorgonzola ITA"]
[Date "2007.11.18"]
[Round "5"]
[White "Brunello, Marina"]
[Black "Bonazzi, Edoardo"]
[Result "1/2-1/2"]
[WhiteElo "2012"]
[BlackElo "2166"]
[PlyCount "101"]
[EventDate "2007.11.10"]

1. e4 c5 2. c3 d5 3. exd5 Qxd5 4. d4 cxd4 5. cxd4 Nc6 6. Nf3 e5 7. dxe5 Qxd1+
8. Kxd1 Bg4 9. Bb5 O-O-O+ 10. Nbd2 Nxe5 11. Ke2 a6 12. Ba4 Nf6 13. Rd1 Bc5 14.
h3 Nxf3 15. Nxf3 Rxd1 16. Bxd1 Re8+ 17. Kf1 Bd7 18. Bf4 Bb5+ 19. Kg1 Ne4 20.
Rc1 Kd8 21. Be3 Bxe3 22. fxe3 Nd6 23. a4 Bc6 24. Kf2 a5 25. Bb3 f6 26. Nd4 Bd7
27. Kf3 Re5 28. Rd1 Ke7 29. Kf4 g5+ 30. Kf3 h6 31. Rc1 Ne4 32. Bd1 Nc5 33. b3
h5 34. Bc2 h4 35. Ke2 Ne6 36. Nf3 Rc5 37. Kd2 Kd6 38. Rf1 Ke7 39. Be4 b6 40.
Nd4 Re5 41. Bc6 Nxd4 42. exd4 Rf5 43. Re1+ Kd6 44. Bxd7 Kxd7 45. Ke3 Kd6 46.
Rc1 Kd5 47. Rc8 Rf4 48. Rd8+ Kc6 49. Rc8+ Kd5 50. Rd8+ Kc6 51. Rc8+ 1/2-1/2

[Event "XII Weekend A"]
[Site "Gorgonzola ITA"]
[Date "2007.11.18"]
[Round "5"]
[White "Cazzaniga, Walter"]
[Black "Locatelli, Andrea"]
[Result "1-0"]
[WhiteElo "2167"]
[BlackElo "2130"]
[PlyCount "139"]
[EventDate "2007.11.10"]

1. d4 Nf6 2. c4 e6 3. Nf3 b6 4. g3 Ba6 5. b3 Bb4+ 6. Bd2 Be7 7. Bg2 c6 8. Bc3
d5 9. Ne5 Nfd7 10. Nxd7 Nxd7 11. Nd2 O-O 12. O-O Nf6 13. Re1 Rc8 14. e4 dxe4
15. Nxe4 b5 16. Bf1 Nxe4 17. Rxe4 bxc4 18. bxc4 c5 19. Rb1 Qd7 20. d5 exd5 21.
cxd5 Bxf1 22. Qxf1 Bd6 23. Qc4 Rfe8 24. Rbe1 Rxe4 25. Qxe4 Rd8 26. h4 Bf8 27.
Rd1 Re8 28. Qc4 Qf5 29. Kg2 Bd6 30. Re1 Rxe1 31. Bxe1 Qb1 32. Bd2 Qb7 33. a4
Qb1 34. a5 Qf5 35. Be3 h5 36. a6 g6 37. Kg1 f6 38. Kg2 g5 39. hxg5 fxg5 40. Kg1
g4 41. Bf4 Bxf4 42. gxf4 Qb1+ 43. Kg2 Qb4 44. Qd3 Qd4 45. Qg6+ Kf8 46. Qd6+ Kg7
47. Qe7+ Kg8 48. d6 Qxf4 49. d7 Qf3+ 50. Kg1 Qd1+ 51. Kh2 g3+ 52. Kg2 Qd5+ 53.
f3 Qd2+ 54. Kxg3 h4+ 55. Kxh4 Qf4+ 56. Kh5 Qxf3+ 57. Kg6 Qc6+ 58. Kf5 Qf3+ 59.
Ke6 Qe3+ 60. Kd6 Qd2+ 61. Kc6 Qg2+ 62. Kc7 Qg3+ 63. Kc8 Qg4 64. Kc7 Qf4+ 65.
Qd6 Qf7 66. Qxc5 Qf4+ 67. Kb7 Qd2 68. Qc8+ Kg7 69. d8=Q Qb4+ 70. Ka8 1-0

[Event "XII Weekend A"]
[Site "Gorgonzola ITA"]
[Date "2007.11.18"]
[Round "5"]
[White "Gamboa, Miguel"]
[Black "Vancini, Edoardo"]
[Result "0-1"]
[WhiteElo "2024"]
[BlackElo "2290"]
[PlyCount "82"]
[EventDate "2007.11.10"]

1. d4 Nf6 2. c4 Nc6 3. Nf3 e6 4. Nc3 Bb4 5. Bg5 h6 6. Bh4 g5 7. Bg3 Ne4 8. Rc1
d5 9. e3 h5 10. h4 Bxc3+ 11. bxc3 Nxg3 12. fxg3 g4 13. Ng1 Qd6 14. Kf2 Rh6 15.
Ne2 dxc4 16. Qa4 Bd7 17. Qxc4 O-O-O 18. Kg1 Ne7 19. Kh2 f6 20. Rb1 e5 21. Qb4
Qxb4 22. Rxb4 Nd5 23. Rb2 Nxe3 24. Nc1 Nd1 25. Rb3 Be6 26. Ra3 exd4 27. cxd4
Rxd4 28. Bd3 Nf2 29. Re1 Kd7 30. Bb5+ c6 31. Rae3 f5 32. Ne2 Re4 33. Rxe4 fxe4
34. Ba4 Bxa2 35. Bc2 Rd6 36. Nf4 Rd2 37. Bxe4 Nxe4 38. Rxe4 Bf7 39. Re5 b5 40.
Rf5 Ke7 41. Nxh5 Rd5 0-1